000 00292nam a22001217a 4500
003 SGT
082 _a616.89
_bL11M
100 _aMITCHELS, BARBARA
245 _aLEGAL ISSUES ACROSS COUNSELLING & PSYCHOTHERAPY SETTINGS
260 _aANGELES
_bSAGE
_c2011
300 _a216
942 _2ddc
_cBK
999 _c15052
_d15052